00795 a2200253 4500003000500000005001700005010001700022020001800039020002200057035002300079040000900102082001000111100002400121245007100145250001200216260005100228300003500279500001100314650004800325650002500373650002600398650002600424856009100450Nust20170207164714.0 a 2006040208 a1-58488-651-X a978-1-58488-651-8 a(OCoLC)ocm64084881 cNust00a519.21 aLawler, Gregory F.,10aIntroduction to stochastic processes /(E BOOK)cGregory F. Lawler. a2nd ed. aBoca Raton, Fla. :bChapman & Hall/CRC,c2006. axiii, 234 p. :bill. ;c25 cm. aE Book 0aProbability theory and stochastic processes 0aStochastic processes 0aStochastic processes. 0aStokastiska processer423Publisher descriptionuhttp://www.loc.gov/catdir/enhancements/fy0654/2006040208-d.html